000 00446nam a22001577a 4500
020 _a9780000107091
082 _aM301
_bBAB/N
100 _aBaby Vithura
_9154824
245 _aNanmakalude sooryan/
_cby Baby Vithura
260 _aKottayam:
_bSahithay Pravarthaka Co-operative Society,
_c2010.
300 _a120p.
650 _aStories Malayalam
_9154825
650 _aLiterature Malayalam
_9154826
650 _aLiterature
_9154827
942 _cBK
999 _c141660
_d141660